000 00977nam a2200241 a 4500
001 BRCA_3801
005 20190320204430.0
008 221109s1880----cn-a######---#000-0#eng-#
041 _aeng
044 _acn
050 4 _aF1215
_b.B43 1
_c1880
100 1 _aBecher, Henry C. R.
_99909
245 1 0 _aA Trip to Mexico
_bBeing Notes of a Journey from Lake Erie to Lake Tezcuco and Back, with an Appendix, Containing and Being a Paper about the Ancient Nations and Races who Inhabited Mexico Before and at the Time of the Spanish Conquest, and the Ancient Stone and other Structures and Ruins of Ancient Cities found there.
_cby H. C. R. Becher.
260 _aToronto, Canadá
_bWilling and Williamson
_c1880
300 _avii, 183 p.
_bil.
_c22 cm.
500 _aEjemplar igual a B164
500 _aB163
650 1 4 _aViajeros canadienses
_99910
651 4 _aMéxico
_xAntigüedades
_92765
651 4 _aMéxico
_xDescripción y viajes
_9103
902 _aGFM
942 _2lcc
_cB
999 _c3530
_d3530